Govt. of
Madhya Pradesh

SSC एस एस सी Spelling Rules Anglo-HIndi (Record no. 63062)

MARC details
000 -LEADER
fixed length control field 00302nam a22001097a 4500
082 ## - DEWEY DECIMAL CLASSIFICATION NUMBER
Classification number 400
100 ## - MAIN ENTRY--AUTHOR NAME
Personal name Shukla,Rahul
245 ## - TITLE STATEMENT
Title SSC एस एस सी Spelling Rules Anglo-HIndi
260 ## - PUBLICATION, DISTRIBUTION, ETC. (IMPRINT)
Place of publication नई दिल्‍ली
Name of publisher Guider Compatitive Group
Year of publication 2020
650 ## - SUBJECT ADDED ENTRY--TOPICAL TERM
Topical Term GK
942 ## - ADDED ENTRY ELEMENTS (KOHA)
Koha item type Hindi Books
Holdings
Withdrawn status Lost status Damaged status Not for loan Home library Current library Date acquired Cost, normal purchase price Full call number Accession Number Price effective from Koha item type
        MACL MACL 01/09/2020 30.00 400 GCLC00646 01/09/2020 Hindi Books
        MACL MACL 01/09/2020 30.00 400 GCLC00647 01/09/2020 Hindi Books
        MACL MACL 01/09/2020 30.00 400 GCLC00648 01/09/2020 Hindi Books
        MACL MACL 01/09/2020 30.00 400 GCLC00649 01/09/2020 Hindi Books
        MACL MACL 01/09/2020 30.00 400 GCLC00650 01/09/2020 Hindi Books